[Event "Nova Maraba op 5th"]
[Site "Nova Maraba"]
[Date "2022.06.24"]
[Round "2"]
[White "Silva, Valdecir Batista"]
[Black "Santiago, Bruno Majorico Frei"]
[Result "0-1"]
[WhiteElo "1876"]
[BlackElo "2160"]
[PlyCount "44"]
[EventDate "2022.06.24"]
[EventType "swiss"]
[EventRounds "6"]
[EventCountry "BRA"]
[SourceTitle "EXT 2023"]
[Source "ChessBase"]
[SourceDate "2022.10.05"]
[SourceVersion "1"]
[SourceVersionDate "2022.10.05"]
[SourceQuality "1"]

1. e4 e5 2. Nf3 Nc6 3. Bc4 Nf6 4. d3 Bc5 5. Nc3 a6 6. 0-0 d6 7. h3 h6 8. Be3 0-0 9. a3 Ba7 10. Qd2 Nd4 11. Bxd4 exd4 12. Ne2 d5 13. exd5 b5 14. Ba2 Bb7 15. Nexd4 Nxd5 16. c3 Qf6 17. Rfe1 Nf4 18. Kh2 c5 19. g3 cxd4 20. Nxd4 Bxd4 21. gxf4 Bb6 22. Rg1 Bc7 0-1

[Event "Imperatriz LMX Maranhense 26th"]
[Site "Imperatriz"]
[Date "2018.07.14"]
[Round "2.4"]
[White "Abreu, Nilton Silva"]
[Black "Silva, Valdecir Batista"]
[Result "1-0"]
[WhiteElo "1974"]
[BlackElo "1937"]
[PlyCount "107"]
[EventDate "2018.07.26"]
[EventType "swiss"]
[EventRounds "5"]
[EventCountry "BRA"]
[SourceTitle "EXT 2022"]
[Source "ChessBase"]
[SourceDate "2021.10.06"]
[SourceVersion "1"]
[SourceVersionDate "2021.10.06"]
[SourceQuality "1"]

1. e4 e5 2. Nf3 d6 3. d4 exd4 4. Nxd4 Nf6 5. Nc3 Be7 6. Be2 0-0 7. 0-0 Bd7 8. Bf4 Nc6 9. h3 Nxd4 10. Qxd4 h6 11. Rad1 a6 12. e5 Ne8 13. Bf3 Bc6 14. Bxc6 bxc6 15. Qa4 c5 16. Nd5 Bg5 17. Bg3 Bh4 18. Bxh4 f6 19. exf6 Nxf6 20. Nxf6+ gxf6 21. Rfe1 Rb8 22. b3 Rb4 23. Qxa6 Rxh4 24. Qd3 f5 25. Re6 Kh7 26. Rde1 Rf7 27. Qe3 Qg5 28. Re7 Qxe3 29. R1xe3 Kg7 30. a4 Rd4 31. Re2 c4 32. R2e6 cxb3 33. cxb3 Rb4 34. Re3 c5 35. R7e6 Rf6 36. Re7+ Rf7 37. Re8 c4 38. bxc4 Rxa4 39. Rd8 Rxc4 40. Rxd6 Rf6 41. Rg3+ Kf7 42. Rd7+ Ke6 43. Rdg7 f4 44. Ra3 Rc6 45. Ra5 Rb6 46. Rh7 Rb1+ 47. Kh2 Rb2 48. f3 Rg6 49. Ra6+ Kf5 50. Rf7+ Kg5 51. h4+ Kh5 52. Rf5+ Kxh4 53. Rxg6 Rxg2+ 54. Kxg2 1-0

[Event "Imperatriz LMX Maranhense 26th"]
[Site "Imperatriz"]
[Date "2018.07.14"]
[Round "3.3"]
[White "Silva, Valdecir Batista"]
[Black "Chaves, Allysson Pereira"]
[Result "0-1"]
[WhiteElo "1937"]
[BlackElo "2060"]
[PlyCount "40"]
[EventDate "2018.07.26"]
[EventType "swiss"]
[EventRounds "5"]
[EventCountry "BRA"]
[SourceTitle "EXT 2022"]
[Source "ChessBase"]
[SourceDate "2021.10.06"]
[SourceVersion "1"]
[SourceVersionDate "2021.10.06"]
[SourceQuality "1"]

1. e4 c5 2. f4 Nc6 3. Nf3 g6 4. Bc4 Bg7 5. 0-0 e6 6. c3 Nge7 7. d4 cxd4 8. cxd4 d5 9. exd5 exd5 10. Bb3 0-0 11. h3 Nf5 12. Nc3 Be6 13. Ne2 Qb6 14. Kh2 h5 15. Nc3 Rfd8 16. Na4 Qc7 17. Bd2 Ncxd4 18. Nxd4 Nxd4 19. Bc3 Nxb3 20. Qxb3 d4 0-1

[Event "Maranhao LMX op final 23rd"]
[Site "Sao Luis"]
[Date "2017.12.02"]
[Round "3.5"]
[White "Barros Jr, Wilson De Jesus"]
[Black "Silva, Valdecir Batista"]
[Result "1/2-1/2"]
[WhiteElo "2008"]
[BlackElo "1971"]
[PlyCount "40"]
[EventDate "2017.12.01"]
[EventType "swiss"]
[EventRounds "5"]
[EventCountry "BRA"]
[SourceTitle "EXT 2019"]
[Source "ChessBase"]
[SourceDate "2018.10.10"]
[SourceVersion "1"]
[SourceVersionDate "2018.10.10"]
[SourceQuality "1"]

1. d4 d5 2. Nf3 Bf5 3. c4 e6 4. Nc3 Bb4 5. Qa4+ Nc6 6. Ne5 Bxc3+ 7. bxc3 Nge7 8. Nxc6 Nxc6 9. Bf4 0-0 10. e3 dxc4 11. Bxc4 h6 12. 0-0 a6 13. Qd1 b5 14. Bd3 Bxd3 15. Qxd3 Ne7 16. Bg3 c5 17. Rfd1 c4 18. Qe2 Nd5 19. Qd2 Qa5 20. Rdc1 Rfd8 1/2-1/2

[Event "Maranhense-ch"]
[Site "Sao Luis"]
[Date "2017.09.09"]
[Round "5"]
[White "Guara Neto, Argemiro Braga"]
[Black "Silva, Valdecir Batista"]
[Result "0-1"]
[WhiteElo "2070"]
[BlackElo "1931"]
[PlyCount "52"]
[EventDate "2017.09.07"]
[EventType "tourn"]
[EventRounds "7"]
[EventCountry "BRA"]
[SourceTitle "CBM 180 Extra"]
[Source "ChessBase"]
[SourceDate "2017.10.06"]
[SourceVersion "1"]
[SourceVersionDate "2017.10.06"]
[SourceQuality "1"]

1. e4 d6 2. d4 Nf6 3. Nc3 Nbd7 4. Be3 e5 5. d5 Be7 6. f3 0-0 7. Qd2 h6 8. 0-0-0 c5 9. g4 Nh7 10. h4 a6 11. f4 f6 12. g5 exf4 13. Bxf4 fxg5 14. hxg5 Rxf4 15. gxh6 Bg5 16. Nh3 Rxf1 17. Nxg5 Rxd1+ 18. Qxd1 Qxg5+ 19. Kb1 Ne5 20. Rh5 Qg4 21. Qh1 Qf3 22. Qg1 Bg4 23. Rf5 Qh3 24. Rf4 g5 25. Rf2 Rf8 26. Rg2 Nf3 0-1

[Event "Imperatriz LMX Maranhense 19th"]
[Site "Imperatriz"]
[Date "2017.07.25"]
[Round "4.2"]
[White "Silva, Valdecir Batista"]
[Black "Araujo, Raoni"]
[Result "1-0"]
[WhiteElo "1926"]
[BlackElo "1905"]
[PlyCount "135"]
[EventDate "2017.07.23"]
[EventType "swiss"]
[EventRounds "5"]
[EventCountry "BRA"]
[SourceTitle "EXT 2022"]
[Source "ChessBase"]
[SourceDate "2021.10.06"]
[SourceVersion "1"]
[SourceVersionDate "2021.10.06"]
[SourceQuality "1"]

1. e4 b6 2. d4 Bb7 3. Nc3 e6 4. a3 Nf6 5. f3 d5 6. e5 Nfd7 7. Bd3 Qh4+ 8. g3 Qxd4 9. f4 Qc5 10. Qf3 Qe7 11. Bd2 Nc5 12. 0-0-0 Nxd3+ 13. Qxd3 Nd7 14. Nf3 Nc5 15. Qf1 0-0-0 16. Nd4 Kb8 17. Be3 Nd7 18. Nf3 c5 19. Nb5 Qe8 20. Rg1 Bc6 21. a4 Kb7 22. b3 a6 23. Nd6+ Bxd6 24. exd6 a5 25. Ne5 Nf6 26. Nxc6 Qxc6 27. f5 e5 28. Bg5 Qxd6 29. Bxf6 Qxf6 30. g4 e4 31. Kb1 Rhe8 32. g5 Qe5 33. Qh3 Rh8 34. Qh5 g6 35. fxg6 hxg6 36. Qg4 Rxh2 37. Rgf1 Rh7 38. Rf6 d4 39. Rdf1 Qe7 40. Qf4 Rd7 41. Re1 e3 42. Qf3+ Ka7 43. Qc6 Qd8 44. Ref1 Qc7 45. Qb5 Rd6 46. Qe8 Rxf6 47. Rxf6 Qb7 48. Kb2 Qd5 49. Rc6 f5 50. Qxg6 Qf7 51. Qd6 Qd7 52. Qg6 Rg7 53. Qh6 Qb7 54. Rxb6 Qxb6 55. Qxg7+ Ka6 56. Qf7 e2 57. Qc4+ Ka7 58. Qxe2 Qg6 59. Qe7+ Kb8 60. Qf6 Qh7 61. g6 Qh3 62. Qb6+ Ka8 63. Qxa5+ Kb7 64. Qxc5 Qg4 65. Qe7+ Kc6 66. g7 Qg3 67. Qe6+ Kc7 68. Qc4+ 1-0

[Event "Imperatriz LMX Maranhense 19th"]
[Site "Imperatriz"]
[Date "2017.07.23"]
[Round "1.6"]
[White "Sena, Richard Lohan Da Si"]
[Black "Silva, Valdecir Batista"]
[Result "0-1"]
[WhiteElo "1729"]
[BlackElo "1926"]
[PlyCount "41"]
[EventDate "2017.07.23"]
[EventType "swiss"]
[EventRounds "5"]
[EventCountry "BRA"]
[SourceTitle "EXT 2022"]
[Source "ChessBase"]
[SourceDate "2021.10.06"]
[SourceVersion "1"]
[SourceVersionDate "2021.10.06"]
[SourceQuality "1"]

1. e4 e5 2. Nf3 Nc6 3. d4 exd4 4. Nxd4 Nxd4 5. Qxd4 d6 6. e5 Be6 7. Nc3 dxe5 8. Qxd8+ Rxd8 9. Bb5+ c6 10. Bd3 Bb4 11. 0-0 Bxc3 12. bxc3 Ne7 13. Ba3 0-0 14. Bxe7 f5 15. Bxd8 Rxd8 16. Rad1 g6 17. Rfe1 e4 18. Bc4 Bd5 19. Bxd5+ cxd5 20. Re3 Kg7 21. Rd4 0-1

[Event "Sao Luis Maranhense Cup 11th"]
[Site "Sao Luis"]
[Date "2017.03.25"]
[Round "3"]
[White "Perdomo, Leandro Daniel"]
[Black "Silva, Valdecir Batista"]
[Result "1-0"]
[WhiteElo "2462"]
[BlackElo "1908"]
[PlyCount "43"]
[EventDate "2017.03.24"]
[EventType "swiss"]
[EventRounds "5"]
[EventCountry "BRA"]
[SourceTitle "CBM 177 Extra"]
[Source "ChessBase"]
[SourceDate "2017.04.27"]
[SourceVersion "1"]
[SourceVersionDate "2017.04.27"]
[SourceQuality "1"]

1. d4 d5 2. c4 dxc4 3. Nf3 e6 4. e3 b5 5. a4 c6 6. axb5 cxb5 7. b3 Qc7 8. bxc4 bxc4 9. Ne5 Bb7 10. Qa4+ Nd7 11. Na3 Ngf6 12. Nb5 Qc8 13. Nxc4 Qc6 14. Ba3 Nb6 15. Nc7+ Kd8 16. Qxc6 Bxc6 17. Nxa8 Bxa3 18. Rxa3 Nxc4 19. Bxc4 Bxa8 20. Rxa7 Bxg2 21. Rg1 Be4 22. Rxf7 1-0

[Event "Caxias LMX Maranhense 10th"]
[Site "Caxias do Sul"]
[Date "2016.07.30"]
[Round "3.2"]
[White "Silva, Valdecir Batista"]
[Black "Campos, Claudio Braga"]
[Result "0-1"]
[WhiteElo "1805"]
[BlackElo "1897"]
[PlyCount "58"]
[EventDate "2016.07.29"]
[EventType "swiss"]
[EventRounds "5"]
[EventCountry "BRA"]
[SourceTitle "EXT 2022"]
[Source "ChessBase"]
[SourceDate "2021.10.06"]
[SourceVersion "1"]
[SourceVersionDate "2021.10.06"]
[SourceQuality "1"]

1. e4 e5 2. Nf3 Nc6 3. Bc4 Nf6 4. d3 h6 5. h3 Bc5 6. 0-0 Qe7 7. Nc3 Na5 8. Bb3 Nxb3 9. axb3 c6 10. Be3 0-0 11. Re1 Bxe3 12. Rxe3 d6 13. Ne2 Nh7 14. Ng3 f5 15. exf5 Bxf5 16. Nxf5 Rxf5 17. d4 e4 18. Nd2 d5 19. Qe2 Raf8 20. Rf1 Qf6 21. c3 Ng5 22. f4 Rxf4 23. Ra1 a6 24. b4 Rf2 25. Qe1 Qf4 26. Re2 Nxh3+ 27. Kh1 Rxe2 28. Qxe2 Nf2+ 29. Kg1 Qh4 0-1

[Event "Santa Luzia LMX Maranhense 8th"]
[Site "Santa Luzia"]
[Date "2016.05.01"]
[Round "4.4"]
[White "Almeida, Fernando Medrado"]
[Black "Silva, Valdecir Batista"]
[Result "0-1"]
[WhiteElo "1933"]
[BlackElo "1787"]
[PlyCount "52"]
[EventDate "2016.04.29"]
[EventType "swiss"]
[EventRounds "5"]
[EventCountry "BRA"]
[SourceTitle "EXT 2022"]
[Source "ChessBase"]
[SourceDate "2021.10.06"]
[SourceVersion "1"]
[SourceVersionDate "2021.10.06"]
[SourceQuality "1"]

1. d4 d5 2. c4 c6 3. Nc3 Nf6 4. Nf3 Bf5 5. Bf4 e6 6. Qb3 b6 7. Qa4 Bd6 8. Ne5 Bxe5 9. Bxe5 0-0 10. Bxb8 Qxb8 11. e3 Qc7 12. Be2 a6 13. cxd5 b5 14. Qd1 cxd5 15. Rc1 Qd6 16. f3 Rac8 17. 0-0 Rc6 18. Bd3 Bxd3 19. Qxd3 Rfc8 20. Qd2 Qb4 21. a3 Qa5 22. Rcd1 g6 23. Kf2 Kg7 24. Ke1 Qc7 25. g3 h5 26. Ne2 Rc4 0-1

[Event "Maraba op 3rd"]
[Site "Maraba"]
[Date "2016.04.23"]
[Round "5"]
[White "Laranjeira, Marcio Muniz"]
[Black "Silva, Valdecir Batista"]
[Result "1-0"]
[WhiteElo "1981"]
[BlackElo "1787"]
[PlyCount "131"]
[EventDate "2016.04.21"]
[EventType "swiss"]
[EventRounds "7"]
[EventCountry "BRA"]
[SourceTitle "CBM 172 Extra"]
[Source "ChessBase"]
[SourceDate "2016.06.21"]
[SourceVersion "1"]
[SourceVersionDate "2016.06.21"]
[SourceQuality "1"]

1. e4 d6 2. Nc3 Nf6 3. Nf3 g6 4. d4 Bg7 5. Bd3 0-0 6. h3 c5 7. d5 Bd7 8. Be3 h6 9. Qd2 Kh7 10. 0-0 a6 11. a4 Be8 12. Nh4 Nbd7 13. f4 Ng8 14. Nf3 Rb8 15. Rab1 f5 16. exf5 gxf5 17. Qf2 Nb6 18. Nh4 Bd7 19. g4 Nf6 20. gxf5 Rg8 21. Kh2 Be8 22. Qf3 Nxa4 23. Nxa4 Bxa4 24. Rg1 Be8 25. Ng6 b5 26. b3 Bf7 27. c4 Rb7 28. Qe2 bxc4 29. bxc4 Rxb1 30. Rxb1 Bxg6 31. fxg6+ Kh8 32. Rb7 Re8 33. Bd2 Ng8 34. Bf5 Qa8 35. Rb3 a5 36. Ra3 Rf8 37. Be6 a4 38. Bd7 Qb7 39. Bb5 Qc8 40. Qg4 Nf6 41. Qe6 Qxe6 42. dxe6 Nh5 43. Rxa4 Nxf4 44. Bxf4 Rxf4 45. Be8 Bf8 46. Kg3 Re4 47. Bf7 d5 48. Ra8 Kg7 49. cxd5 Rd4 50. Rd8 c4 51. Rc8 Rd3+ 52. Kg4 c3 53. h4 Rd4+ 54. Kg3 Rd3+ 55. Kf4 h5 56. Ke4 Rh3 57. Kf5 Rxh4 58. Rxc3 Rd4 59. Rc5 h4 60. Ke5 Rd3 61. Rc4 Rh3 62. Rd4 Kh6 63. Kf5 Bg7 64. Rd1 Bf6 65. d6 Re3 66. d7 1-0

[Event "Maraba op 3rd"]
[Site "Maraba"]
[Date "2016.04.21"]
[Round "2"]
[White "Silva, Valdecir Batista"]
[Black "Da Costa Neta, Elenice Fernandes"]
[Result "1-0"]
[WhiteElo "1787"]
[BlackElo "1800"]
[PlyCount "59"]
[EventDate "2016.04.21"]
[EventType "swiss"]
[EventRounds "7"]
[EventCountry "BRA"]
[SourceTitle "CBM 172 Extra"]
[Source "ChessBase"]
[SourceDate "2016.06.21"]
[SourceVersion "1"]
[SourceVersionDate "2016.06.21"]
[SourceQuality "1"]

1. e4 d6 2. d4 Nf6 3. Nc3 g6 4. Nf3 Nbd7 5. Be3 Bg7 6. Qd2 h5 7. 0-0-0 c6 8. h3 d5 9. e5 Ne4 10. Nxe4 dxe4 11. Ng5 f5 12. Ne6 Qb6 13. Nxg7+ Kf7 14. e6+ Kxg7 15. exd7 Bxd7 16. Bc4 a5 17. d5 Qb4 18. Qxb4 axb4 19. Bc5 b5 20. Bb3 Rhe8 21. Bxb4 e6 22. dxc6 Bxc6 23. Rd6 Ra6 24. a3 Bb7 25. Rd7+ Kh8 26. Rxb7 e5 27. Rd1 Raa8 28. Rdd7 Re6 29. Rh7+ Kg8 30. Bxe6# 1-0

[Event "Santa Luzia LMX Maranhense 7th"]
[Site "Santa Luzia"]
[Date "2016.03.26"]
[Round "2.4"]
[White "Guara Neto, Argemiro Braga"]
[Black "Silva, Valdecir Batista"]
[Result "1-0"]
[WhiteElo "2042"]
[BlackElo "1800"]
[PlyCount "83"]
[EventDate "2016.03.25"]
[EventType "swiss"]
[EventRounds "5"]
[EventCountry "BRA"]
[SourceTitle "EXT 2022"]
[Source "ChessBase"]
[SourceDate "2021.10.06"]
[SourceVersion "1"]
[SourceVersionDate "2021.10.06"]
[SourceQuality "1"]

1. e4 d6 2. d4 Nf6 3. Nc3 g6 4. f3 Bg7 5. Be3 c6 6. Qd2 b5 7. 0-0-0 a5 8. Bh6 0-0 9. h4 a4 10. h5 b4 11. Nce2 Be6 12. Bxg7 Kxg7 13. hxg6 fxg6 14. Qh6+ Kf7 15. e5 Ng8 16. Qxh7+ Ke8 17. d5 Bxd5 18. Rxd5 cxd5 19. Nd4 Qb6 20. Qxg6+ Kd7 21. Qg4+ Kc7 22. Ne6+ Kb7 23. Nxf8 Qe3+ 24. Kd1 Nc6 25. exd6 Rxf8 26. Qd7+ Kb6 27. Qc7+ Kc5 28. d7 b3 29. a3 bxc2+ 30. Kxc2 Qb3+ 31. Kc1 Rb8 32. Ne2 Qxb2+ 33. Kd1 Qa1+ 34. Kd2 Qb2+ 35. Ke1 Qe5 36. Qc8 Qe6 37. Rh8 Rb1+ 38. Kf2 Nf6 39. d8Q Ng4+ 40. fxg4 Qf6+ 41. Qf5 Qxf5+ 42. gxf5 1-0